Score 0/300 Timer 20:00
0 Plays Today
1900 Baby Names % Correct
1.Mary
98.2%
92.Ann
97.4%
3.Anna
96.2%
166.Eliza
95.4%
6.Elizabeth
94.9%
150.Maria
94.9%
4.Margaret
94.4%
108.Anne
93.4%
18.Rose
93.1%
128.Jane
92.8%
34.Catherine
92.3%
9.Marie
92.1%
13.Emma
91.6%
157.Sara
91.6%
11.Annie
91%
2.Helen
90%
37.Sarah
90%
65.Katherine
89.8%
5.Ruth
89.5%
135.Caroline
89.5%
45.Laura
88%
42.Ella
87.7%
61.Lucy
87.7%
17.Grace
87.5%
69.Rosa
87.5%
83.Nora
87.5%
105.Emily
87.5%
100.Betty
87.2%
14.Alice
87%
148.Victoria
87%
110.Charlotte
86.4%
132.Jean
86.4%
33.Eva
86.2%
55.Cora
86.2%
70.Evelyn
86.2%
28.Martha
85.4%
46.Julia
85.4%
275.Lou
85.4%
27.Dorothy
85.2%
35.Louise
85.2%
91.May
84.7%
144.Susan
84.7%
251.Olivia
84.7%
107.Katie
83.6%
67.Lucille
83.4%
82.Ellen
83.1%
75.Maggie
82.9%
51.Ruby
82.6%
16.Bertha
81.8%
26.Frances
81.6%
165.Amy
81.3%
47.Josephine
81.1%
79.Dora
81.1%
116.Rosie
81.1%
19.Clara
80.8%
30.Ida
80.8%
31.Irene
80.8%
36.Edith
80.8%
109.Violet
80.8%
39.Esther
80.6%
180.Kate
80.6%
7.Florence
80.3%
153.Rachel
80.3%
169.Hannah
80.3%
209.Millie
80.3%
23.Gertrude
79.5%
145.Marian
79.5%
146.Amelia
79.5%
88.Eleanor
79.3%
10.Lillian
79%
81.Daisy
79%
99.Nancy
79%
74.Virginia
78.8%
185.Isabel
78.8%
12.Edna
78.5%
95.Olive
78.5%
162Barbara
78.5%
291.June
78.5%
292.Lily
78%
20.Mildred
77.7%
54.Mae
77.7%
87.Georgia
77.5%
72.Ada
77.2%
134.Harriet
77.2%
8.Ethel
77%
93.Kathryn
77%
171.Kathleen
76.7%
53.Jessie
75.7%
198.Nell
75.7%
24.Pearl
75.4%
117.Doris
75.4%
151.Christine
75.4%
50.Hattie
75.2%
262.Claire
75.2%
271.Louisa
75.2%
76.Vera
74.9%
102.Theresa
74.9%
22.Minnie
74.7%
43.Nellie
74.2%
71.Pauline
74.2%
1900 Baby Names % Correct
64.Jennie
73.9%
126.Rebecca
73.9%
231.Carolyn
73.9%
80.Susie
73.7%
213.Veronica
73.7%
283.Christina
73.4%
290.Isabella
73.4%
183.Sally
73.1%
281.Bess
72.9%
21.Gladys
72.6%
29.Hazel
72.6%
106.Flora
72.4%
15.Bessie
72.1%
57.Alma
71.9%
220.Teresa
71.9%
68.Stella
71.6%
66.Marion
71.4%
38.Elsie
71.1%
48.Carrie
71.1%
56.Beatrice
71.1%
25.Mabel
70.8%
52.Lena
70.8%
41.Agnes
70.6%
49.Viola
70.6%
104.Lydia
70.6%
193.Josie
70.6%
114.Lola
70.1%
154.Amanda
70.1%
210.Isabelle
69.8%
152.Vivian
69.6%
197.Sophia
69.6%
293.Linda
69.3%
155.Nina
69.1%
163.Sophie
69.1%
115.Lois
68.8%
130.Henrietta
68.8%
264.Lilly
68.8%
258.Gracie
68%
181.Belle
67.8%
252.Leah
67%
139.Mollie
66.2%
73.Thelma
66%
174.Norma
65.7%
40.Lillie
65.5%
84.Sadie
65.5%
111.Marjorie
65.5%
186.Maud
65.2%
98.Sallie
65%
90.Della
64.7%
168.Irma
64.5%
149.Madeline
64.2%
256.Rita
64.2%
78.Beulah
63.9%
101.Hilda
63.9%
187.Wilma
63.4%
206.Jeanette
63.4%
212.Bonnie
63.4%
227.Audrey
63.2%
96.Bernice
62.9%
97.Lottie
62.9%
32.Myrtle
62.7%
58.Willie
62.7%
225.Roberta
62.7%
261.Sue
62.7%
250.Bettie
62.4%
199.Cecilia
61.9%
288.Cecil
61.9%
62.Fannie
61.4%
77.Maude
61.4%
297.Phyllis
61.4%
167.Janie
60.6%
176.Naomi
60.4%
190.Winnie
60.1%
140.Opal
59.8%
161.Matilda
59.8%
269.Geraldine
59.8%
44.Mattie
59.3%
191.Lila
59.3%
119.Addie
58.8%
137.Sylvia
58.8%
207.Delia
58.6%
217.Margie
58.6%
123.Etta
58.1%
233.Adelaide
57.8%
298.Lucinda
57.8%
85.Leona
57.5%
94.Nettie
57.5%
214.Miriam
57.3%
141.Velma
57%
173.Celia
56.8%
63.Lula
56.5%
103.Lizzie
56.5%
177.Winifred
56.3%
175.Callie
56%
294.Claudia
56%
118.Estelle
55.8%
242.Anita
55.8%
230.Adele
55.5%
86.Marguerite
55.2%
125.Eunice
55.2%
1900 Baby Names % Correct
121.Loretta
54.2%
249.Jeannette
54%
254.Myra
54%
184.Allie
53.7%
223.Tillie
53.7%
89.Effie
53.5%
142.Genevieve
53.2%
202.Adeline
53.2%
129.Essie
52.9%
60.Blanche
52.7%
182.Ina
52.7%
284.Hettie
52.4%
228.Lulu
51.7%
124.Mable
51.4%
156.Olga
51.4%
257.Francis
51.2%
300.Rosalie
50.9%
158.Flossie
50.6%
277.Helene
50.6%
143.Verna
50.4%
222.Regina
50.1%
59Mamie
49.9%
201.Selma
49.9%
267.Harriett
48.8%
278.Lee
48.8%
133.Ora
48.6%
188.Erma
48.6%
159.Estella
48.1%
195.Cecelia
48.1%
244.Lora
48.1%
189.Juanita
47.6%
272.Lettie
46.8%
200.Augusta
46.5%
248.Fay
46.5%
273.Katharine
46.5%
218.Dollie
46.3%
234.Hester
46.3%
120.Alberta
45.5%
179.Frieda
45.5%
170.Freda
45.3%
113.Ollie
45%
160.Ola
44%
112.Inez
43.7%
274.Dorothea
43.7%
138.Eula
43.5%
235.Elma
43.5%
221.Bertie
43%
282.Angeline
43%
131.Iva
42.7%
238.Leila
41.9%
265.Lenora
41.4%
147.Lucile
40.4%
259.Hallie
40.2%
136.Nannie
39.6%
219.Birdie
39.4%
270.Johanna
39.4%
299.Corinne
39.4%
276.Pearlie
39.1%
194.Fern
38.9%
196.Virgie
38.1%
127.Goldie
37.6%
205.Rena
37.6%
229.Faye
37.6%
122.Lela
36.8%
172.Geneva
36.3%
178.Elva
36.3%
224.Cornelia
36.3%
232.Madge
36.3%
211.Muriel
36.1%
192.Luella
34.5%
279.Elvira
33.8%
203.Gussie
32.7%
266.Rhoda
32.2%
289.Nola
32.2%
239.Lorena
32%
280.Antoinette
32%
246.Cecile
31.7%
268.Ophelia
30.9%
253.Johnnie
30.2%
245.Maudie
29.9%
236.Elnora
29.7%
287.Zelma
29.7%
240.Ila
28.9%
243.Lessie
28.4%
208.Mayme
27.6%
164.Alta
27.4%
204.Leola
26.9%
247.Zella
26.9%
285.Nona
26.3%
216.Lelia
25.8%
226.Cleo
24.6%
295.Dessie
23%
255.Jewel
22.8%
296.Marcella
22.5%
215.Roxie
22%
263.Dovie
20.5%
237.Letha
18.4%
241.Jewell
18.2%
286.Rosetta
17.6%
260.Neva
16.1%
Remove Ads.
Support Sporcle.
Get the best of Sporcle when you Go Orange. This ad-free experience offers more features, more stats, and more fun while also helping to support Sporcle. Thank you for becoming a member.

You're not logged in!

Compare scores with friends on all Sporcle quizzes.
OR
Log In

Sporcle TV

Today on Sporcle TV


Watch our educational content, quiz creation guides, and fun videos on Sporcle TV.

Show Comments

Extras

Created Sep 28, 2017ReportNominate
Tags:1900, 300, Baby, Baby Girl, girl

Top Quizzes Today


Score Distribution

Paid Content

Your Account Isn't Verified!

In order to create a playlist on Sporcle, you need to verify the email address you used during registration. Go to your Sporcle Settings to finish the process.

Report this User

Report this user for behavior that violates our Community Guidelines.

Details: